[Event "Puchong op 6th"]
[Site "Puchong"]
[Date "2019.08.25"]
[Round "4"]
[White "Cheah, Yu Hock Benjamin"]
[Black "Chong, Huan Yan"]
[Result "1-0"]
[WhiteElo "1613"]
[BlackElo "1511"]
[PlyCount "41"]
[EventDate "2019.08.24"]
[EventType "swiss"]
[EventRounds "6"]
[EventCountry "MAS"]
[SourceTitle "EXT 2020"]
[Source "ChessBase"]
[SourceDate "2019.10.17"]
[SourceVersion "1"]
[SourceVersionDate "2019.10.17"]
[SourceQuality "1"]

1. Nf3 c5 2. g3 d5 3. Bg2 Nf6 4. 0-0 Nc6 5. d4 cxd4 6. Nxd4 e5 7. Nxc6 bxc6 8. c4 Be6 9. Nc3 Be7 10. Bg5 e4 11. Qa4 Qd7 12. Rad1 Rd8 13. Bxf6 Bxf6 14. Nxe4 Bxb2 15. Nc5 Qd6 16. Nb7 Qd7 17. Nxd8 Kxd8 18. cxd5 cxd5 19. Qxd7+ Kxd7 20. Bxd5 Rc8 21. Bb7+ 1-0

[Event "Puchong op 6th"]
[Site "Puchong"]
[Date "2019.08.25"]
[Round "6"]
[White "Cheah, Yu Hock Benjamin"]
[Black "Ishak, Mohd Hafizul"]
[Result "1-0"]
[WhiteElo "1613"]
[BlackElo "1778"]
[PlyCount "99"]
[EventDate "2019.08.24"]
[EventType "swiss"]
[EventRounds "6"]
[EventCountry "MAS"]
[SourceTitle "EXT 2020"]
[Source "ChessBase"]
[SourceDate "2019.10.17"]
[SourceVersion "1"]
[SourceVersionDate "2019.10.17"]
[SourceQuality "1"]

1. d4 Nf6 2. c4 e6 3. Nc3 b6 4. e4 Bb4 5. Bd3 Bb7 6. Qc2 h6 7. Bd2 Bxc3 8. Bxc3 d6 9. Nf3 Nbd7 10. 0-0-0 c5 11. d5 e5 12. Rhg1 Nh7 13. Kb1 Qe7 14. g3 g5 15. Nd2 Kd8 16. Nf1 Kc7 17. Ne3 Bc8 18. Nf5 Qf6 19. f4 Nhf8 20. Rdf1 gxf4 21. gxf4 Ng6 22. fxe5 Ngxe5 23. Be2 Bb7 24. Be1 Qd8 25. Bh4 f6 26. Ng7 Kb8 27. Ne6 Qe8 28. Bxf6 Rg8 29. Bxe5 dxe5 30. Qc3 Rxg1 31. Rxg1 a6 32. Rg7 Bc8 33. Qg3 Ra7 34. a3 Rb7 35. Ka2 b5 36. Rg8 Qe7 37. Rxc8+ Kxc8 38. Qg8+ Nf8 39. Nxf8 Kc7 40. Ne6+ Kb6 41. Qh8 Qd6 42. Qxh6 b4 43. axb4 Ka7 44. bxc5 Qb8 45. Qd2 Qc8 46. c6 Rh7 47. Qe3+ Ka8 48. Qb6 a5 49. Bg4 Qb8 50. Qxb8+ 1-0

[Event "Puchong op 6th"]
[Site "Puchong"]
[Date "2019.08.24"]
[Round "2"]
[White "Cheah, Yu Hock Benjamin"]
[Black "Navaratnam, Ishaan Quan Tze"]
[Result "1-0"]
[WhiteElo "1613"]
[BlackElo "1402"]
[PlyCount "107"]
[EventDate "2019.08.24"]
[EventType "swiss"]
[EventRounds "6"]
[EventCountry "MAS"]
[SourceTitle "EXT 2020"]
[Source "ChessBase"]
[SourceDate "2019.10.17"]
[SourceVersion "1"]
[SourceVersionDate "2019.10.17"]
[SourceQuality "1"]

1. d4 d5 2. Nf3 Nf6 3. Bf4 Bf5 4. e3 c5 5. Bb5+ Nbd7 6. Nc3 e6 7. 0-0 Be7 8. a3 0-0 9. h3 c4 10. Bxd7 Qxd7 11. Ne5 Qd8 12. g4 Bg6 13. h4 h6 14. h5 Bh7 15. g5 hxg5 16. Bxg5 Ne4 17. Nxe4 Bxg5 18. Ng3 f5 19. f4 Bh4 20. Kh2 Rf6 21. Rh1 Rh6 22. Qe2 Qe8 23. Rag1 Kf8 24. Kg2 Bf6 25. Nf1 Bxe5 26. dxe5 Bg8 27. c3 Bf7 28. Ng3 Ke7 29. Rd1 Qc6 30. Kf2 Rah8 31. Rdg1 Qe8 32. Qf3 Kf8 33. Qg2 R8h7 34. Ne2 Bxh5 35. Nd4 Bg4 36. Rxh6 Rxh6 37. Rh1 Rxh1 38. Qxh1 Kf7 39. Qh4 b5 40. Kg3 a5 41. Kf2 Qf8 42. Nxb5 Kg8 43. Qg5 Kh7 44. Kg3 Qc5 45. Nd4 Qa7 46. Qh4+ Kg6 47. Qd8 Kf7 48. Qd6 Qe7 49. Qxe7+ Kxe7 50. Nc6+ Kd7 51. Nxa5 Kc7 52. b4 cxb3 53. Nxb3 Kb6 54. Nd4 1-0